00358nam a22001457a 4500003000700000005001700007008004100024082001500065100002800080245003400108250001700142260004000159300000800199650000500207MPLRDC20220104144404.0210129b ||||| |||| 00| 0 eng d a859.61 HK  a黄克, 杨牧之编著 a中国历史故事, 春秋c a一版三刷 ab中国少年儿童出版社c1979 b平 a